000
00254nam a2200097Ia 4500
001
1101340
005
20250827003258.0
008
250824s9999 xx 000 0 und d
245
0
_a
MADALYANUN İÇİ
_c
GÜLSEREN BUDAYICIOĞLU
260
_b
REMZİ KİTABEVİ
999
_c
1101340
_d
1101340